[Event "COL-ch Amateur U2000"]
[Site "Paipa"]
[Date "2020.02.27"]
[Round "2"]
[White "Pereira Vera, Henry Alberto"]
[Black "Moreno, Juan Nicolas"]
[Result "0-1"]
[WhiteElo "1879"]
[BlackElo "1734"]
[PlyCount "64"]
[EventDate "2020.02.26"]
[EventType "swiss"]
[EventRounds "9"]
[EventCountry "COL"]
[SourceTitle "CBM 195 Extra"]
[Source "ChessBase"]
[SourceDate "2020.05.31"]
[SourceVersion "1"]
[SourceVersionDate "2020.05.31"]
[SourceQuality "1"]

1. b3 e5 2. Bb2 Nc6 3. c4 Nf6 4. e3 d5 5. cxd5 Nxd5 6. a3 Bd6 7. Qc2 0-0 8. Nf3 a6 9. Be2 Re8 10. 0-0 e4 11. Nd4 Nxd4 12. Bxd4 Qh4 13. g3 Qh3 14. Re1 Re6 15. Bf1 Qh5 16. Bg2 Rh6 17. Qxe4 Qxh2+ 18. Kf1 Nf6 19. Bxf6 Rxf6 20. Ke2 Bh3 21. Bxh3 Rxf2+ 22. Kd1 Qxh3 23. Qxb7 Rd8 24. Qxa6 Bxg3 25. Qc4 Rf3 26. Re2 Qf1+ 27. Kc2 h5 28. Kb2 Rf2 29. Rxf2 Qxf2 30. Kc2 h4 31. a4 h3 32. a5 Qg2 0-1

[Event "Pan American-ch School U17"]
[Site "Medellin"]
[Date "2019.11.12"]
[Round "2"]
[White "Ccerhuayo Escobedo, Mels Leopold"]
[Black "Moreno, Juan Nicolas"]
[Result "1-0"]
[WhiteElo "1855"]
[BlackElo "1773"]
[PlyCount "95"]
[EventDate "2019.11.12"]
[EventType "swiss"]
[EventRounds "9"]
[EventCountry "COL"]
[SourceTitle "CBM 193 Extra"]
[Source "ChessBase"]
[SourceDate "2020.01.31"]
[SourceVersion "1"]
[SourceVersionDate "2020.01.31"]
[SourceQuality "1"]

1. d4 Nf6 2. c4 g6 3. f3 Bg7 4. e4 d6 5. Nc3 0-0 6. Bg5 h6 7. Be3 e5 8. d5 Nh5 9. Qd2 Kh7 10. Bd3 Nd7 11. Bc2 a5 12. Nge2 b6 13. g4 Nhf6 14. Ng3 h5 15. Bg5 Qe8 16. gxh5 Nxh5 17. Nxh5 gxh5 18. Nb5 f6 19. Nxc7 Qf7 20. Be3 Rb8 21. Ne6 Rg8 22. Nxg7 Rxg7 23. 0-0-0 Ba6 24. b3 a4 25. Rdg1 Rbg8 26. Rxg7+ Rxg7 27. Rg1 Rxg1+ 28. Bxg1 Qg8 29. Be3 axb3 30. axb3 b5 31. cxb5 Bxb5 32. Qb4 Qb8 33. Kd2 h4 34. Bd3 Bxd3 35. Qxb8 Nxb8 36. Kxd3 Kg6 37. b4 Kf7 38. b5 Ke8 39. b6 Kd8 40. b7 Kc7 41. Ba7 Kxb7 42. Bxb8 Kxb8 43. Ke2 Kc7 44. Kf2 Kd7 45. Kg2 Ke7 46. Kh3 f5 47. Kxh4 Kf6 48. Kh5 1-0

[Event "Bogota Mayores Alcaldia op 8th"]
[Site "Bogota"]
[Date "2018.06.11"]
[Round "7"]
[White "Moreno, Juan Nicolas"]
[Black "Cabiativa, Juan Esteban"]
[Result "0-1"]
[WhiteElo "1754"]
[BlackElo "1306"]
[PlyCount "92"]
[EventDate "2018.06.08"]
[EventType "swiss"]
[EventRounds "7"]
[EventCountry "COL"]
[SourceTitle "CBM 184 Extra"]
[Source "ChessBase"]
[SourceDate "2018.06.28"]
[SourceVersion "1"]
[SourceVersionDate "2018.06.28"]
[SourceQuality "1"]

1. e4 e6 2. d4 d5 3. e5 c5 4. c3 Nc6 5. Nf3 f6 6. Nh4 fxe5 7. Qh5+ Kd7 8. dxe5 Nge7 9. Be3 g6 10. Qg5 h6 11. Qg3 g5 12. Nf3 Nf5 13. Qg4 Nxe3 14. fxe3 Bg7 15. c4 Kc7 16. Nc3 a6 17. 0-0-0 h5 18. Qxg5 Qxg5 19. Nxg5 Bh6 20. cxd5 Nxe5 21. d6+ Kd7 22. Nce4 b6 23. Nf6+ Kd8 24. d7 Bxg5 25. dxc8Q+ Kxc8 26. Ne4 Bxe3+ 27. Kc2 Bd4 28. h3 Kc7 29. Ng5 Rh6 30. Re1 Rf8 31. Ne4 Nc6 32. a3 Bf2 33. Rd1 Nd4+ 34. Kc3 b5 35. Nxc5 Ne2+ 36. Bxe2 Bxc5 37. Bf3 e5 38. Kb3 Rf4 39. Rd5 Bd4 40. Rc1+ Kb6 41. Rc8 Ka5 42. Ka2 Rhf6 43. b4+ Kb6 44. Rd7 e4 45. Rxd4 exf3 46. Rd2 f2 0-1

[Event "Bogota Mayores Alcaldia op 8th"]
[Site "Bogota"]
[Date "2018.06.09"]
[Round "3"]
[White "Moreno, Juan Nicolas"]
[Black "Barrios, Hernando"]
[Result "0-1"]
[WhiteElo "1754"]
[BlackElo "2108"]
[PlyCount "67"]
[EventDate "2018.06.08"]
[EventType "swiss"]
[EventRounds "7"]
[EventCountry "COL"]
[SourceTitle "CBM 184 Extra"]
[Source "ChessBase"]
[SourceDate "2018.06.28"]
[SourceVersion "1"]
[SourceVersionDate "2018.06.28"]
[SourceQuality "1"]

1. e4 c5 2. Nf3 e6 3. a3 Nc6 4. d4 cxd4 5. Nxd4 Nf6 6. Nc3 d6 7. f3 Be7 8. Be3 a6 9. Bc4 Qc7 10. Ba2 b5 11. 0-0 0-0 12. Qd2 Nxd4 13. Bxd4 Bb7 14. Qe3 Nd7 15. Ne2 e5 16. Bc3 d5 17. Bb4 Bxb4 18. axb4 dxe4 19. fxe4 Nb6 20. Qc5 Rac8 21. Qxc7 Rxc7 22. Bb3 Nc4 23. Bxc4 Rxc4 24. c3 Rxe4 25. Ng3 Rg4 26. Rad1 g6 27. Rf6 h5 28. Kf2 h4 29. Ne2 Rxg2+ 30. Ke3 Kg7 31. Rb6 Bc8 32. Rd5 Re8 33. Rb8 Rxe2+ 34. Kxe2 0-1